L'eleccio de Francesc XXX / (Record no. 104742)

MARC details
000 -LEADER
campo de control de longitud fija 00644nam a2200193 i 4500
001 - NÚMERO DE CONTROL
campo de control 104742
003 - IDENTIFICADOR DE NÚMERO DE CONTROL
campo de control ES-MaACL
005 - FECHA Y HORA DE LA ÚLTIMA TRANSACCIÓN
campo de control 20230906183657.0
007 - CAMPO FIJO DE DESCRIPCIÓN FÍSICA--INFORMACIÓN GENERAL
campo de control de longitud fija t|
008 - DATOS DE LONGITUD FIJA--INFORMACIÓN GENERAL
campo de control de longitud fija 051212s1964 sp ||||1| cat d
100 1# - ENTRADA PRINCIPAL--NOMBRE DE PERSONA
Nombre de persona Miracle, Josep.
9 (RLIN) 81471
245 12 - MENCIÓN DEL TÍTULO
Título L'eleccio de Francesc XXX /
Mención de responsabilidad, etc. Josep Miracle; amb uns mots inicials de Mossén Pere Ribot i amb boixos acolorits a má d'Antoni Gelabert.
250 ## - MENCION DE EDICION
Mención de edición Edició d'Homanatge.
260 ## - PUBLICACIÓN, DISTRIBUCIÓN, ETC.
Lugar de publicación, distribución, etc. Barcelona :
Nombre del editor, distribuidor, etc. Altés,
Fecha de publicación, distribución, etc. 1964.
300 ## - DESCRIPCIÓN FÍSICA
Extensión 90 p., 2 h. con 5 lám. ;
Dimensiones 30 cm.
700 1# - ENTRADA AGREGADA--NOMBRE PERSONAL
Nombre de persona Ribot, Pere.
9 (RLIN) 96837
852 ## - LOCALIZACIÓN
Ubicación ES-MaACL
Número de control de estantería C-26832
Sublocalización o colección R.55881
852 ## - LOCALIZACIÓN
Ubicación ES-MaACL
Número de control de estantería C-27542
Sublocalización o colección R.56518
Holdings
Estatus retirado Estado de pérdida Estado de daño No para préstamo Biblioteca de origen Biblioteca actual Ubicación en estantería Fecha de adquisición Fuente de adquisición Total de préstamos Signatura topográfica completa Código de barras Visto por última vez Precio de reemplazo Tipo de ítem Koha
        Biblioteca del Ateneo de Madrid Biblioteca del Ateneo de Madrid Depósito 2 17/01/2008     C-27542 1109354 23/02/2023 23/02/2023 Libro impreso
        Biblioteca del Ateneo de Madrid Biblioteca del Ateneo de Madrid Depósito 2 17/01/2008     C-26832 1109353 23/02/2023 23/02/2023 Libro impreso